000 00580cas a22002175a 4500
001 L355
008 070627c1996 nz qr p 0 a0eng
022 1 _a1173-5651
035 _a(Sirsi) u98977
041 0 _aeng
110 2 _aNew Zealand Institute of Surveyors
_9602
245 0 0 _aSurvey Quarterly
260 _aWellington
_bNZIS
_c1996-
362 0 _a(5) March 1996-(6) June 1996
554 _aFour per year
651 4 _aNew Zealand
690 _aENVIRONMENTAL AND LAND CONSULTANCY
780 0 0 _tNew Zealand Surveyor
_x0048-0150
942 _n0
948 _c20/01/1995
999 _c118609
_d118609